1401 1535 1639 1025 1077 1659 1368 1622 1476 1714 1170 1977 1746 1521 1866 1695 1561 1730 1193 1059 1548 1686 1799 1547 1236 1440 1346 1186 1752 1893 1742 1885 1817 1503 1371 1281 1279 1834 1275 1353 1643 1918 1209 1079 1812 1578 1560 1857 1077 1387 1921 1366 1636 1277 1581 1422 1423 1211 1445 1593 1264 1810 1634 1201 1025 1158 1257 1145 1725 1804 1053 1529 1567 1108 1032 1268 1874 1120 1744 1217 1910 1715 1901 1060 1283 1931 1090 1813 1200 1669 1624 1529 1014 1003 1971 1528 1598 1047 1103 BCNSPRNW ULIB Ver.6.0+V

เปลี่ยนเป็นภาษาไทย

Change to English
 แสดงรายละเอียดบรรณานุกรม
  กลับหน้าหลัก

Brief Record : Get Marc (ISO 2709) : E-mail record : QR code < ปิดหน้าต่าง
LEADER : 00000nam 2200000uu 4500
001    13399122864
003     ULIB
008    131022s2555||||th 000 0 tha d
020    ^a9786162132148
050  4 ^aDS520^bส834ส
100    ^aสุภฤกษ์ บุญทอง
245    ^aสวัสดี...เมืองไทย/^cสุภฤกษ์ บุญทอง
250    ^aพิมพ์ครั้งที่ 1
260    ^aกรุงเทพฯ :^bสกายบุ๊กส์,^c2555
300    ^a72 หน้า
440  0 ^aชุด ประชาคมอาเซียนฉบับการ์ตูน
650  7 ^aอาเซียน^xเสริมความรู้
650  7 ^aไทย
945    ^p119^l0^i034084
999    ^aเกษร โพธิ์สุวรรณ
รายการนี้ยังไม่มีแท็ก
คุณยังไม่ได้ล็อกอิน คุณสามารถมีกิจกรรมร่วมกับเว็บไซต์ได้ แต่ต้องล็อกอินก่อน ::
  ล็อกอิน

รายการสื่อสารสนเทศ

ลำดับที่ ประเภท เลขเรียก/บาร์โค้ด สถานที่ สถานะ
1. การศึกษาทั่วไป
หนังสือสำรอง
สถานะ=หนังสือสำรอง
DS520 ส834ส  
  Barcode: 034084
ห้องสมุดวิทยาเขตสวรรค์ประชารักษ์
►หนังสือทั่วไป
บนชั้น

รายการใกล้เคียง
    ผู้แต่ง [สุภฤกษ์ บุญทอง]

    หัวเรื่อง [ไทย]

BibComment


ยังไม่เคยถูกคอมเมนท์

คอมเมนท์ทรัพยากรรายการนี้
  คอมเมนท์: สวัสดีเมืองไทย ส..


 Copyright 2026. Bcnsprnw @Library